Statistics for Romania First Level Subdivisions

Click here to take the quiz!

General Stats

  • This quiz has been taken 52 times
  • The average score is 26 of 42

Answer Stats

Județe% Correct
Bucharest
94%
Cluj
89%
Timiș
89%
Constanța
83%
Alba
83%
Iași
78%
Tulcea
78%
Brașov
78%
Ilfov
72%
Arad
72%
Satu Mare
67%
Maramureș
67%
Botoșani
67%
Dolj
67%
Olt
67%
Brăila
67%
Bacău
61%
Sălaj
61%
Giurgiu
61%
Suceava
61%
Sibiu
61%
Galați
61%
Gorj
56%
Bihor
56%
Ialomița
56%
Vaslui
56%
Vrancea
56%
Mureș
56%
Teleorman
50%
Vâlcea
50%
Hunedoara
50%
Prahova
50%
Neamț
50%
Mehedinți
50%
Harghita
50%
Dâmbovița
50%
Covasna
50%
Buzău
50%
Argeș
44%
Caraș-Severin
44%
Călărași
44%
Bistrița-Năsăud
39%

Score Distribution

Percentile by Number Answered

Percent of People with Each Score

Your Score History

You have not taken this quiz